000 00987 a2200277 4500
003 OSt
005 20180116192334.0
008 120229t xxu||||| |||| 00| 0 eng d
010 _a74007264
020 _a002541870X (v. 1)
020 _a0025418807 (v. 2) :
040 _c0
082 0 0 _a191
100 1 _aFuller, R. Buckminster
_9407
245 1 0 _aSynergetics 2: explorations in the geometry of thinking
_c[by] R. Buckminster Fuller in collaboration with E. J. Applewhite. Pref. and contribution by Arthur L. Loeb.
246 _aSynergetics Two: explorations in the geometry of thinking
260 _aNew York:
_bMacmillan.
_c[1975-79].
300 _a592p.:
_billus;
_c24 cm.
500 _aIncludes index.
650 0 _aSystem theory.
_9408
650 0 _aThought and thinking.
_9409
650 0 _aMathematics
_xPhilosophy.
_9410
700 1 _aApplewhite, E. J.,
_9411
942 _aSADA
_cBK
_k191 FUL 1979
_2ddc
999 _c352412
_d352412